[Event "Benidorm op U2300 13th"]
[Site "Benidorm"]
[Date "2014.12.05"]
[Round "8"]
[White "Acero Solis, Alberto"]
[Black "Volman, Horacio"]
[Result "1/2-1/2"]
[WhiteElo "1990"]
[BlackElo "2146"]
[PlyCount "69"]
[EventDate "2014.11.28"]
[EventType "swiss"]
[EventRounds "10"]
[EventCountry "ESP"]
[SourceTitle "CBM 163 Extra"]
[Source "ChessBase"]
[SourceDate "2014.12.23"]
[SourceVersion "1"]
[SourceVersionDate "2014.12.23"]
[SourceQuality "1"]

1. f4 d6 2. Nf3 Nf6 3. e3 g6 4. d4 Bg7 5. Bc4 a6 6. a4 b6 7. c3 Bb7 8. 0-0 0-0 9. Qe2 c5 10. Nbd2 Qc7 11. b3 Nbd7 12. Bb2 e6 13. Bd3 e5 14. fxe5 dxe5 15. e4 exd4 16. cxd4 cxd4 17. Rac1 Qd8 18. Bxd4 Nc5 19. Bxc5 bxc5 20. Bb1 Re8 21. Rfe1 Rc8 22. Rcd1 Nd5 23. Nc4 Nc3 24. Qf1 Nxd1 25. Rxd1 Bd4+ 26. Nxd4 cxd4 27. e5 Re6 28. Qf2 Rxc4 29. bxc4 Rxe5 30. h3 Qg5 31. Bc2 Be4 32. Bxe4 Rxe4 33. Rxd4 Re7 34. Rd8+ Kg7 35. Qd4+ 1/2-1/2

[Event "ISR-ch"]
[Site "Beersheba"]
[Date "2014.06.18"]
[Round "2"]
[White "Volman, Horacio"]
[Black "Kraus, Yair"]
[Result "1/2-1/2"]
[WhiteElo "2203"]
[BlackElo "2093"]
[PlyCount "61"]
[EventDate "2014.06.17"]
[EventType "swiss"]
[EventRounds "9"]
[EventCountry "ISR"]
[SourceTitle "CBM 161 Extra"]
[Source "ChessBase"]
[SourceDate "2014.08.29"]
[SourceVersion "1"]
[SourceVersionDate "2014.08.29"]
[SourceQuality "1"]

1. e4 c5 2. Nc3 e6 3. Nf3 d6 4. d4 cxd4 5. Nxd4 Nf6 6. g3 e5 7. Nde2 Be7 8. Bg2 Be6 9. 0-0 Qd7 10. Bg5 Nc6 11. Bxf6 Bxf6 12. Nd5 Bd8 13. Qd2 0-0 14. Rad1 Rc8 15. Ne3 Bb6 16. a3 Ne7 17. c3 Rcd8 18. Nc1 Kh8 19. Nd3 Qa4 20. Nb4 Bxe3 21. Qxe3 a5 22. Nd3 Qb5 23. Rd2 f5 24. f3 Bc4 25. Re1 fxe4 26. fxe4 Be6 27. Nf2 Nc8 28. Bf1 Qc6 29. Bg2 Nb6 30. Bf1 Bc4 31. Bh3 1/2-1/2

[Event "ISR-ch"]
[Site "Beersheba"]
[Date "2014.06.17"]
[Round "1"]
[White "Kantsler, Boris"]
[Black "Volman, Horacio"]
[Result "1-0"]
[WhiteElo "2420"]
[BlackElo "2203"]
[PlyCount "37"]
[EventDate "2014.06.17"]
[EventType "swiss"]
[EventRounds "9"]
[EventCountry "ISR"]
[SourceTitle "CBM 161 Extra"]
[Source "ChessBase"]
[SourceDate "2014.08.29"]
[SourceVersion "1"]
[SourceVersionDate "2014.08.29"]
[SourceQuality "1"]

1. d4 d5 2. c4 e6 3. Nc3 c5 4. e3 Nf6 5. Nf3 Nc6 6. cxd5 exd5 7. Bb5 a6 8. Bxc6+ bxc6 9. 0-0 Bd6 10. dxc5 Bxc5 11. Qa4 Bd7 12. e4 0-0 13. Bg5 dxe4 14. Nxe4 Be7 15. Bxf6 Bxf6 16. Rad1 Ra7 17. Rd2 Qb6 18. Nxf6+ gxf6 19. Rxd7 1-0

[Event "Buenos Aires Yael Torre Blanca-B"]
[Site "Buenos Aires"]
[Date "2012.07.??"]
[Round "5"]
[White "Leon, Juan Carlos"]
[Black "Volman, Horacio"]
[Result "1-0"]
[WhiteElo "2265"]
[BlackElo "2194"]
[PlyCount "145"]
[EventDate "2012.07.21"]
[EventType "tourn"]
[EventRounds "9"]
[EventCountry "ARG"]
[SourceTitle "EXT 2024"]
[Source "ChessBase"]
[SourceDate "2023.10.10"]
[SourceVersion "1"]
[SourceVersionDate "2023.10.10"]
[SourceQuality "1"]

1. e4 d5 2. exd5 Nf6 3. d4 Bg4 4. f3 Bf5 5. Bb5+ c6 6. dxc6 Nxc6 7. Nc3 e6 8. Nge2 Qb6 9. a4 Bb4 10. Be3 0-0 11. Kf2 Rad8 12. Qc1 Qc7 13. Bxc6 Qxc6 14. Bg5 Be7 15. Rd1 h6 16. Be3 Rd7 17. Nf4 Bb4 18. Nd3 Bxd3 19. Rxd3 Rc8 20. Kg1 a6 21. Qf1 Bd6 22. Nd1 Nd5 23. c3 Qc4 24. Bf2 Qb3 25. Be3 Rdc7 26. Bd2 Rc4 27. a5 Ra4 28. Rxa4 Qxa4 29. Nf2 Qb3 30. Qb1 Rc4 31. Ne4 Be7 32. Be1 Ra4 33. Nd2 Qa2 34. Qxa2 Rxa2 35. Nc4 Ra1 36. Kf1 Bg5 37. g3 Ra4 38. b3 Ra2 39. f4 Be7 40. h3 Kf8 41. b4 Ke8 42. Bd2 Rc2 43. Ne5 Bd6 44. Ke2 Bxe5 45. fxe5 Rb2 46. Kd1 Ra2 47. Kc1 Ra1+ 48. Kb2 Rh1 49. g4 Rh2 50. Kb3 Kd7 51. c4 Ne7 52. Bc3 Kc6 53. Rf3 Ng6 54. Rxf7 Rxh3 55. b5+ axb5 56. cxb5+ Kxb5 57. Rxb7+ Ka6 58. Rb6+ Ka7 59. Rxe6 Nf4 60. Rc6 Ne2 61. Kb4 Rg3 62. d5 Rxg4+ 63. Rc4 Rg5 64. Re4 Ng3 65. Re1 Nf5 66. d6 Nxd6 67. exd6 Rd5 68. Re6 g5 69. Kc4 Rd1 70. Bd4+ Kb7 71. a6+ Kc6 72. a7 Rc1+ 73. Kb3 1-0

[Event "ISR-chT 1011"]
[Site "Israel"]
[Date "2011.03.11"]
[Round "5.5"]
[White "Kaspi, Alexander"]
[Black "Volman, Horacio"]
[Result "1-0"]
[WhiteElo "2461"]
[BlackElo "2200"]
[PlyCount "89"]
[EventDate "2010.12.24"]
[EventType "team-tourn"]
[EventRounds "11"]
[EventCountry "ISR"]
[SourceTitle "EXT 2012"]
[Source "ChessBase"]
[SourceDate "2011.11.24"]
[SourceVersion "1"]
[SourceVersionDate "2011.11.24"]
[SourceQuality "1"]
[WhiteTeam "Rishon Le Zion Feldklein"]
[BlackTeam "Netanya"]
[WhiteTeamCountry "ISR"]
[BlackTeamCountry "ISR"]

1. d4 Nf6 2. c4 e6 3. Nc3 Bb4 4. e3 c5 5. Bd3 Nc6 6. Nge2 d5 7. cxd5 Nxd5 8. 0-0 cxd4 9. exd4 0-0 10. Bc2 Re8 11. Qd3 g6 12. Rd1 Bd6 13. Qf3 Qf6 14. Qe4 Bd7 15. Qg4 h5 16. Qh3 Qe7 17. Ne4 Ncb4 18. Bb3 Bb5 19. N2c3 Bc6 20. Bg5 f6 21. Nxd5 Nxd5 22. Bxd5 fxg5 23. Bxc6 bxc6 24. Qd3 Kh7 25. Rac1 Rac8 26. Qa6 Bb8 27. Rxc6 Rxc6 28. Qxc6 Kh6 29. g3 Rd8 30. Qc5 Qxc5 31. Nxc5 Rd6 32. b4 g4 33. Kf1 Kg7 34. Ke2 Bc7 35. Rc1 Bb6 36. Ke3 Kf7 37. a4 Bd8 38. Rc4 Rd5 39. Ke4 Bb6 40. Nd3 Rf5 41. a5 Bd8 42. Rc8 Be7 43. Rc7 a6 44. Rc6 Rb5 45. Rb6 1-0

[Event "Budapest Spring op 25th"]
[Site "Budapest"]
[Date "2009.03.28"]
[Round "9"]
[White "Volman, Horacio"]
[Black "Amstadt, Aron"]
[Result "1/2-1/2"]
[WhiteElo "2175"]
[BlackElo "2219"]
[PlyCount "58"]
[EventDate "2009.03.20"]
[EventType "swiss"]
[EventRounds "9"]
[EventCountry "HUN"]
[SourceTitle "CBM 129 Extra"]
[Source "ChessBase"]
[SourceDate "2009.05.05"]
[SourceVersion "2"]
[SourceVersionDate "2009.05.20"]
[SourceQuality "1"]

1. d4 Nf6 2. Nf3 e6 3. Bg5 h6 4. Bxf6 Qxf6 5. e4 d6 6. Nc3 Nd7 7. Qd2 g5 8. h3 Bg7 9. 0-0-0 a6 10. Bd3 b5 11. e5 Qf4 12. Qxf4 gxf4 13. exd6 cxd6 14. Be4 Ra7 15. Rhe1 0-0 16. Bd3 Nb6 17. a3 f5 18. Kb1 Re7 19. Ne2 Nd5 20. c4 bxc4 21. Bxc4 Bb7 22. Bxd5 Bxd5 23. Nxf4 Be4+ 24. Ka2 Rb8 25. Re2 e5 26. dxe5 dxe5 27. Nh5 Rb6 28. Nxg7 Rxg7 29. Nh4 Rc7 1/2-1/2

[Event "Budapest Spring op 25th"]
[Site "Budapest"]
[Date "2009.03.27"]
[Round "8"]
[White "Volman, Horacio"]
[Black "Galyas, Miklos"]
[Result "0-1"]
[WhiteElo "2175"]
[BlackElo "2456"]
[PlyCount "70"]
[EventDate "2009.03.20"]
[EventType "swiss"]
[EventRounds "9"]
[EventCountry "HUN"]
[SourceTitle "CBM 129 Extra"]
[Source "ChessBase"]
[SourceDate "2009.05.05"]
[SourceVersion "2"]
[SourceVersionDate "2009.05.20"]
[SourceQuality "1"]

1. c4 c5 2. Nc3 Nc6 3. g3 g6 4. Bg2 Bg7 5. e3 e5 6. Nge2 Nge7 7. a3 0-0 8. 0-0 d6 9. Rb1 a5 10. b3 Bg4 11. h3 Be6 12. Nd5 Rb8 13. Nec3 f5 14. d3 Kh8 15. Kh2 Bf7 16. f4 Nxd5 17. Nxd5 b5 18. Bb2 bxc4 19. dxc4 a4 20. bxa4 Rxb2 21. Rxb2 exf4 22. Rb5 fxg3+ 23. Kh1 Ne5 24. a5 Nxc4 25. a6 Bxd5 26. Qxd5 Nxe3 27. Qc6 Nxf1 28. Bxf1 Qe7 29. Rb1 Bd4 30. Bg2 c4 31. Qxc4 Qe3 32. Qd5 f4 33. Qf3 Rc8 34. Rd1 Rc2 35. Qd5 f3 0-1

[Event "Budapest FS03 IM-B"]
[Site "Budapest"]
[Date "2009.03.16"]
[Round "10"]
[White "Farago, Sandor"]
[Black "Volman, Horacio"]
[Result "1/2-1/2"]
[WhiteElo "2263"]
[BlackElo "2175"]
[PlyCount "30"]
[EventDate "2009.03.07"]
[EventType "tourn"]
[EventRounds "10"]
[EventCountry "HUN"]
[EventCategory "2"]
[SourceTitle "CBM 129 Extra"]
[Source "ChessBase"]
[SourceDate "2009.05.05"]
[SourceVersion "2"]
[SourceVersionDate "2009.05.20"]
[SourceQuality "1"]

1. Nf3 Nf6 2. g3 b5 3. Bg2 Bb7 4. 0-0 e6 5. d3 c5 6. e4 d6 7. Nc3 b4 8. Ne2 Be7 9. c3 a5 10. a3 bxc3 11. bxc3 a4 12. c4 0-0 13. Nc3 Nbd7 14. Re1 Bc6 15. h3 Qc7 1/2-1/2

[Event "Budapest FS03 IM-B"]
[Site "Budapest"]
[Date "2009.03.10"]
[Round "4"]
[White "Kahn, Evarth"]
[Black "Volman, Horacio"]
[Result "1/2-1/2"]
[WhiteElo "2290"]
[BlackElo "2175"]
[PlyCount "49"]
[EventDate "2009.03.07"]
[EventType "tourn"]
[EventRounds "10"]
[EventCountry "HUN"]
[EventCategory "2"]
[SourceTitle "CBM 129 Extra"]
[Source "ChessBase"]
[SourceDate "2009.05.05"]
[SourceVersion "2"]
[SourceVersionDate "2009.05.20"]
[SourceQuality "1"]

1. d4 Nf6 2. c4 g6 3. Nc3 Bg7 4. e4 d6 5. f4 0-0 6. Nf3 c5 7. d5 e6 8. Be2 exd5 9. cxd5 Re8 10. e5 dxe5 11. fxe5 Ng4 12. Bg5 Qb6 13. 0-0 Nxe5 14. d6 c4+ 15. Kh1 Be6 16. Nxe5 Bxe5 17. Nd5 Qc5 18. Nc7 Nd7 19. Nxe8 Rxe8 20. Bf4 Bxb2 21. Rb1 c3 22. Qa4 Rc8 23. Qb5 Qxb5 24. Bxb5 a6 25. Bxd7 1/2-1/2

[Event "Herzliya op"]
[Site "Herzliya"]
[Date "2008.09.09"]
[Round "6"]
[White "Volman, Horacio"]
[Black "Haitovich, Avital"]
[Result "1-0"]
[WhiteElo "2175"]
[BlackElo "1871"]
[PlyCount "203"]
[EventDate "2008.09.02"]
[EventType "swiss"]
[EventRounds "9"]
[EventCountry "ISR"]
[SourceTitle "CBM 126 Extra"]
[Source "ChessBase"]
[SourceDate "2008.11.05"]
[SourceVersion "1"]
[SourceVersionDate "2008.11.05"]
[SourceQuality "1"]

1. e4 c5 2. Nc3 Nc6 3. g3 g6 4. Bg2 Rb8 5. d3 b5 6. Nh3 Bg7 7. 0-0 Nf6 8. f4 0-0 9. Be3 d6 10. f5 Ne5 11. Kh1 b4 12. Ne2 Neg4 13. Bg1 gxf5 14. exf5 Nh6 15. Qd2 Bxf5 16. Be3 Nfg4 17. Bg5 Qd7 18. Nhf4 f6 19. Bh4 Nf7 20. h3 Nge5 21. g4 Bg6 22. Qe3 Bh6 23. Qf2 Bg7 24. Bd5 Rfe8 25. Ne6 Bh6 26. Ng3 c4 27. dxc4 Nxc4 28. Rae1 Rec8 29. g5 fxg5 30. Bxg5 Qb5 31. Qd4 Nb6 32. Bxh6 Qxd5+ 33. Qxd5 Nxd5 34. Bc1 Rxc2 35. h4 Nf6 36. Rg1 Rc4 37. Nf4 Kf8 38. b3 Be4+ 39. Nxe4 Rxe4 40. Ne6+ Ke8 41. Rxe4 Nxe4 42. Rg8+ Kd7 43. Rxb8 Kxe6 44. Rxb4 Nf2+ 45. Kg2 Nd3 46. Rc4 Nfe5 47. Rc3 a6 48. Bg5 Nc5 49. Re3 Kf7 50. Re2 Ncd3 51. Kg3 Nc5 52. Be3 Ncd3 53. Rc2 Nb4 54. Re2 Nbd3 55. a3 Nc6 56. Rc2 Nde5 57. b4 Ke6 58. Kg2 Kd7 59. Kf1 Ng4 60. Bb6 Nge5 61. Kg2 Ke6 62. Kg3 Kf5 63. Rf2+ Ke6 64. Rc2 Kf5 65. Be3 Ke4 66. Bg5 Kf5 67. Rc3 d5 68. Rc5 e6 69. b5 axb5 70. Rxb5 Nd4 71. Rb7 Kg6 72. a4 Nc4 73. Kf2 h6 74. Bd8 Nc6 75. Bb6 Kf5 76. Be3 N6e5 77. Ke2 Kg6 78. Re7 Kf6 79. Ra7 Nc6 80. Rh7 Ke5 81. Bxh6 Nd4+ 82. Ke1 Nf3+ 83. Kf2 Ke4 84. h5 d4 85. Rf7 Nfe5 86. Rf4+ Kd5 87. Rh4 Nd6 88. Bd2 Ne4+ 89. Rxe4 Kxe4 90. a5 Kf5 91. a6 Nc6 92. h6 Kg6 93. Kf3 Kh7 94. Ke4 Kg6 95. Kd3 Kh7 96. Kc4 Kg6 97. Kc5 Na7 98. Kxd4 Nb5+ 99. Kc5 Na7 100. Be3 Kf7 101. Kb6 Nc8+ 102. Kc7 1-0

[Event "Herzliya op"]
[Site "Herzliya"]
[Date "2008.09.05"]
[Round "4"]
[White "Volman, Horacio"]
[Black "Nakar, Eylon"]
[Result "1-0"]
[WhiteElo "2175"]
[BlackElo "2087"]
[PlyCount "57"]
[EventDate "2008.09.02"]
[EventType "swiss"]
[EventRounds "9"]
[EventCountry "ISR"]
[SourceTitle "CBM 126 Extra"]
[Source "ChessBase"]
[SourceDate "2008.11.05"]
[SourceVersion "1"]
[SourceVersionDate "2008.11.05"]
[SourceQuality "1"]

1. d4 Nf6 2. Nf3 g6 3. b3 Bg7 4. Bb2 0-0 5. g3 d6 6. Bg2 Nbd7 7. 0-0 e5 8. dxe5 Ng4 9. c4 Ndxe5 10. Nxe5 Nxe5 11. Qd2 Rb8 12. Nc3 Be6 13. Rad1 a6 14. Nd5 Re8 15. h3 c6 16. Ne3 Qb6 17. Kh2 Rbd8 18. f4 Nd7 19. Bxg7 Kxg7 20. Qc3+ Kg8 21. Rxd6 f5 22. Rfd1 Nc5 23. Nd5 Rxd6 24. Nf6+ Kf7 25. Rxd6 Rd8 26. Nd5 Bxd5 27. Bxd5+ Ne6 28. Bxe6+ Ke7 29. c5 1-0

[Event "Givataim Ettinger"]
[Site "Givataim"]
[Date "2005.03.29"]
[Round "8"]
[White "Lerner, Konstantin Z"]
[Black "Volman, Horacio"]
[Result "1-0"]
[WhiteElo "2523"]
[BlackElo "2197"]
[PlyCount "107"]
[EventDate "2005.03.20"]
[EventType "tourn"]
[EventRounds "9"]
[EventCountry "ISR"]
[EventCategory "6"]
[SourceTitle "CBM 105 Extra"]
[Source "ChessBase"]
[SourceDate "2005.05.01"]
[SourceVersion "1"]
[SourceVersionDate "2005.05.01"]
[SourceQuality "1"]

1. d4 d5 2. c4 e6 3. Nf3 Nf6 4. Nc3 Be7 5. Bg5 0-0 6. Qc2 c5 7. dxc5 dxc4 8. e4 Qa5 9. e5 Nd5 10. Bxc4 Nxc3 11. 0-0 Qxc5 12. Qxc3 Nc6 13. Bxe7 Qxe7 14. Rac1 Rd8 15. a3 Bd7 16. Qe3 h6 17. Bd3 Be8 18. h4 a5 19. Qe4 f5 20. exf6 Qxf6 21. Bc4 Rd6 22. Rfe1 Bf7 23. Rc3 Rad8 24. g4 Rd4 25. Nxd4 Rxd4 26. Qe2 e5 27. Bxf7+ Kxf7 28. g5 hxg5 29. Qh5+ Qg6 30. Qxg6+ Kxg6 31. hxg5 Kxg5 32. Rb3 Rd7 33. Kg2 Kf5 34. Ree3 g5 35. Rf3+ Kg6 36. Rfd3 Re7 37. Rd6+ Kf5 38. Rf3+ Ke4 39. Rg6 Nd4 40. Rff6 Rc7 41. Rxg5 b5 42. f3+ Kd5 43. f4 Rc2+ 44. Kg3 Rxb2 45. Rxe5+ Kc4 46. Rd6 Rb3+ 47. Kg4 Rxa3 48. Re4 Rd3 49. f5 b4 50. f6 b3 51. f7 b2 52. f8Q b1Q 53. Qc8+ Kb3 54. Rb6+ 1-0

[Event "Givataim Ettinger"]
[Site "Givataim"]
[Date "2005.03.22"]
[Round "3"]
[White "Volman, Horacio"]
[Black "Tyomkin, Dimitri"]
[Result "0-1"]
[WhiteElo "2197"]
[BlackElo "2512"]
[PlyCount "108"]
[EventDate "2005.03.20"]
[EventType "tourn"]
[EventRounds "9"]
[EventCountry "ISR"]
[EventCategory "6"]
[SourceTitle "CBM 105 Extra"]
[Source "ChessBase"]
[SourceDate "2005.05.01"]
[SourceVersion "1"]
[SourceVersionDate "2005.05.01"]
[SourceQuality "1"]

1. e4 c5 2. d4 cxd4 3. c3 d3 4. Bxd3 Nc6 5. Nf3 d6 6. h3 g6 7. 0-0 Bg7 8. c4 Nf6 9. Nc3 0-0 10. Be3 Nd7 11. Rc1 Nc5 12. Bb1 a5 13. Qd2 Re8 14. Rfd1 Be6 15. Nd5 a4 16. Bh6 Bxd5 17. exd5 Ne5 18. Nd4 Qa5 19. Rc3 Bf6 20. Bg5 Bg7 21. Bh6 Bf6 22. Bg5 Bh8 23. h4 e6 24. dxe6 Nxe6 25. Nb5 Nxc4 26. Rxc4 Qxb5 27. Rb4 Qd7 28. Be3 Bf6 29. Qd5 Nd8 30. h5 Nc6 31. Rb6 Re6 32. hxg6 hxg6 33. Bd3 Ra5 34. Qf3 Bd4 35. Bxd4 Nxd4 36. Qxb7 Qxb7 37. Rxb7 d5 38. f3 Kg7 39. Kf2 Nc6 40. Bb5 Nd8 41. Rb8 Rd6 42. Rd4 a3 43. b4 Ra7 44. Rd3 Ne6 45. Ke3 Rc7 46. Rxa3 Rc2 47. g3 Rg2 48. Be2 d4+ 49. Kd3 Rxg3 50. Ke4 Kf6 51. Bc4 Ng5+ 52. Kf4 Rg2 53. Rb5 Nh3+ 54. Ke4 Nf2+ 0-1

[Event "Givataim Ettinger"]
[Site "Givataim"]
[Date "2005.03.20"]
[Round "1"]
[White "Khmelniker, Ilya"]
[Black "Volman, Horacio"]
[Result "1-0"]
[WhiteElo "2458"]
[BlackElo "2197"]
[PlyCount "99"]
[EventDate "2005.03.20"]
[EventType "tourn"]
[EventRounds "9"]
[EventCountry "ISR"]
[EventCategory "6"]
[SourceTitle "CBM 105 Extra"]
[Source "ChessBase"]
[SourceDate "2005.05.01"]
[SourceVersion "1"]
[SourceVersionDate "2005.05.01"]
[SourceQuality "1"]

1. d4 Nf6 2. c4 g6 3. Nc3 Bg7 4. e4 d6 5. f4 0-0 6. Nf3 Bg4 7. Be2 c5 8. d5 Na6 9. 0-0 Nc7 10. a4 b6 11. Re1 Rb8 12. h3 Bxf3 13. Bxf3 Nd7 14. Nb5 Rb7 15. e5 Nb8 16. e6 f5 17. g4 Ne8 18. g5 Na6 19. h4 Nb4 20. h5 a6 21. Nc3 Nc7 22. hxg6 hxg6 23. Qe2 Bd4+ 24. Kg2 Kg7 25. Rh1 Qe8 26. Be3 Bxe3 27. Qxe3 Nc2 28. Qd2 Nxa1 29. Ne2 Rg8 30. Qc3+ Kf8 31. Rxa1 b5 32. axb5 axb5 33. Rh1 bxc4 34. Rh7 Qb5 35. Rf7+ Ke8 36. Rxe7+ Kd8 37. Rd7+ Kc8 38. Rxd6 Qxb2 39. Qxc4 Qb4 40. Qc2 Rh8 41. Rc6 Qe1 42. Qc1 Qxc1 43. Nxc1 Rb2+ 44. Kg3 Rbh2 45. Bg2 Kd8 46. Nd3 Nb5 47. Ne5 Rxg2+ 48. Kxg2 Rh4 49. d6 Nxd6 50. Rxd6+ 1-0

[Event "Calvia op 1st"]
[Site "Calvia"]
[Date "2004.11.08"]
[Round "8"]
[White "Volman, Horacio"]
[Black "Valdes Romero, Leonardo"]
[Result "0-1"]
[WhiteElo "2202"]
[BlackElo "2372"]
[PlyCount "120"]
[EventDate "2004.11.01"]
[EventType "swiss"]
[EventRounds "9"]
[EventCountry "ESP"]
[SourceTitle "EXT 2005"]
[Source "ChessBase"]
[SourceDate "2004.11.15"]
[SourceVersion "1"]
[SourceVersionDate "2004.11.15"]
[SourceQuality "1"]

1. e4 d6 2. d4 Nf6 3. Nc3 g6 4. Nf3 Bg7 5. Be2 0-0 6. 0-0 c6 7. a4 Qc7 8. h3 Nbd7 9. Be3 b6 10. Qd2 a6 11. Bh6 Bb7 12. Bxg7 Kxg7 13. Qe3 e5 14. dxe5 dxe5 15. Bc4 b5 16. Ba2 b4 17. Ne2 c5 18. Nd2 a5 19. Ng3 h6 20. Nc4 Nb6 21. Nxb6 Qxb6 22. f4 Rae8 23. f5 g5 24. Bc4 Rd8 25. c3 Rd6 26. Rfd1 Rfd8 27. Rxd6 Rxd6 28. Bb5 bxc3 29. bxc3 Qc7 30. Kf2 Rd8 31. Re1 Ba8 32. Qe2 Kh7 33. Qc4 Rd2+ 34. Re2 Rxe2+ 35. Qxe2 Qd6 36. Qd3 Qxd3 37. Bxd3 Bc6 38. Bc2 Nd7 39. Nf1 Nb6 40. Ke3 Kg7 41. Nd2 f6 42. Kd3 h5 43. Bb3 h4 44. Bc2 Kh6 45. Nc4 Bxe4+ 46. Kxe4 Nxc4 47. Bd3 Nb6 48. Bb5 g4 49. hxg4 Kg5 50. Be2 Nxa4 51. Kd3 Nb6 52. Kc2 Kf4 53. Kb3 e4 54. Kc2 a4 55. Kb2 e3 56. Bd1 Kg3 57. g5 fxg5 58. f6 Nd7 59. f7 Kxg2 60. Bxa4 Nf8 0-1

[Event "Andorra op 18th"]
[Site "Andorra"]
[Date "2000.06.29"]
[Round "6"]
[White "Volman, Horacio"]
[Black "Westerinen, Heikki MJ"]
[Result "0-1"]
[WhiteElo "2214"]
[BlackElo "2392"]
[PlyCount "104"]
[EventDate "2000.06.24"]
[EventType "swiss"]
[EventRounds "9"]
[EventCountry "AND"]
[SourceTitle "CBM 076 Extra"]
[Source "ChessBase"]
[SourceDate "2000.07.11"]
[SourceVersion "1"]
[SourceVersionDate "2000.07.11"]
[SourceQuality "1"]

1. c4 e5 2. g3 Nc6 3. Bg2 g6 4. Nc3 Bg7 5. d3 Nf6 6. e4 0-0 7. Nge2 d6 8. 0-0 a6 9. Nd5 Nxd5 10. cxd5 Ne7 11. Be3 Bd7 12. Qb3 c6 13. Qxb7 cxd5 14. exd5 Bb5 15. Rfd1 Nf5 16. Qb6 Qe7 17. Bc1 Rfc8 18. Nc3 Rcb8 19. Qa5 Nd4 20. Ne4 h6 21. Be3 f5 22. Nc3 Nc2 23. Rac1 Nxe3 24. fxe3 Qa7 25. Nxb5 Qxe3+ 26. Kh1 Rxb5 27. Qd2 Qd4 28. b3 Rc5 29. Rxc5 dxc5 30. Qc2 Rd8 31. Qc4 Qxc4 32. dxc4 e4 33. Kg1 a5 34. Kf2 Kf7 35. Ke2 Kf6 36. Kd2 Ke5 37. Kc2 Kd6 38. Rf1 h5 39. h3 Rh8 40. Kd2 Be5 41. Bxe4 fxe4 42. Ke3 Re8 43. Kxe4 Bxg3+ 44. Kd3 Be5 45. Rf7 Bd4 46. Ra7 Re3+ 47. Kd2 Rxh3 48. Ra6+ Kd7 49. Rxg6 h4 50. Ke2 Re3+ 51. Kf1 h3 52. Rh6 Be5 0-1

[Event "Andorra op 18th"]
[Site "Andorra"]
[Date "2000.06.28"]
[Round "5"]
[White "Kogan, Artur"]
[Black "Volman, Horacio"]
[Result "1-0"]
[WhiteElo "2483"]
[BlackElo "2214"]
[PlyCount "67"]
[EventDate "2000.06.24"]
[EventType "swiss"]
[EventRounds "9"]
[EventCountry "AND"]
[SourceTitle "CBM 076 Extra"]
[Source "ChessBase"]
[SourceDate "2000.07.11"]
[SourceVersion "1"]
[SourceVersionDate "2000.07.11"]
[SourceQuality "1"]

1. Nf3 Nf6 2. g3 d5 3. Bg2 c6 4. b3 Bf5 5. Bb2 e6 6. d3 h6 7. Nbd2 Be7 8. 0-0 0-0 9. Ne5 Nbd7 10. e4 Bh7 11. f4 Nxe5 12. fxe5 Nd7 13. d4 Qa5 14. a3 Bg5 15. b4 Qb6 16. Kh1 Bxd2 17. Qxd2 dxe4 18. c4 Qa6 19. Rac1 Nb6 20. Qe2 Rad8 21. g4 Rd7 22. h4 Rfd8 23. g5 hxg5 24. hxg5 Bg6 25. Rf4 Nd5 26. Rh4 Ne7 27. Bh3 Rxd4 28. Bxd4 Rxd4 29. Qh2 Kf8 30. Rh8+ Ng8 31. Bxe6 Qxa3 32. Rf1 Qd3 33. Qf4 Ke7 34. Bxf7 1-0

[Event "Andorra op 18th"]
[Site "Andorra"]
[Date "2000.06.25"]
[Round "2"]
[White "Volman, Horacio"]
[Black "Velicka, Petr"]
[Result "0-1"]
[WhiteElo "2214"]
[BlackElo "2458"]
[PlyCount "50"]
[EventDate "2000.06.24"]
[EventType "swiss"]
[EventRounds "9"]
[EventCountry "AND"]
[SourceTitle "CBM 076 Extra"]
[Source "ChessBase"]
[SourceDate "2000.07.11"]
[SourceVersion "1"]
[SourceVersionDate "2000.07.11"]
[SourceQuality "1"]

1. d4 d5 2. Nf3 Nf6 3. b3 Bg4 4. Ne5 Bf5 5. e3 Nbd7 6. Bd3 e6 7. Bxf5 exf5 8. Qd3 g6 9. 0-0 c6 10. Nxd7 Qxd7 11. Ba3 Bxa3 12. Nxa3 Qd6 13. Nb1 Ng4 14. g3 h5 15. h4 0-0-0 16. c4 dxc4 17. bxc4 f4 18. gxf4 Qe7 19. Nd2 Qxh4 20. Kg2 Qh2+ 21. Kf3 Rhe8 22. Ne4 Qh3+ 23. Ke2 Qg2 24. Qa3 Qxe4 25. Qxa7 Nxe3 0-1

[Event "ISR-ch"]
[Site "Jerusalem"]
[Date "1996.??.??"]
[Round "5"]
[White "Gurevich, Gregory"]
[Black "Volman, Horacio"]
[Result "0-1"]
[WhiteElo "2355"]
[BlackElo "2210"]
[PlyCount "112"]
[EventDate "1996.10.26"]
[EventType "swiss"]
[EventRounds "9"]
[EventCountry "ISR"]
[SourceTitle "CBM 056"]
[Source "ChessBase"]
[SourceDate "1997.02.01"]
[SourceVersion "1"]
[SourceVersionDate "1997.02.01"]
[SourceQuality "1"]

1. e4 e5 2. Nf3 d6 3. d4 exd4 4. Qxd4 Nf6 5. Nc3 Be7 6. Bg5 0-0 7. 0-0-0 Nc6 8. Qd2 Be6 9. Nd4 Nxd4 10. Qxd4 c6 11. Bc4 Qa5 12. Bd2 Qb6 13. Qxb6 axb6 14. Bxe6 fxe6 15. Rde1 Ng4 16. f3 Ne5 17. b3 b5 18. Kb1 b4 19. Ne2 c5 20. c3 Nd3 21. Ref1 bxc3 22. Nxc3 Ra6 23. Nb5 Rc8 24. Be3 c4 25. Rd1 d5 26. exd5 exd5 27. Bd4 Re6 28. Nc3 Rd8 29. Rd2 Bb4 30. Kc2 b5 31. a3 Bxa3 32. Nxb5 Bb4 33. Nc3 Rc8 34. Ra1 Ne1+ 35. Kb2 Nd3+ 36. Kc2 Ne1+ 37. Kb2 Nd3+ 38. Kc2 Ne1+ 39. Kb2 Rb8 40. Rb1 cxb3 41. Rdd1 Nc2 42. Nxd5 Nxd4 43. Rxd4 Re2+ 44. Kxb3 Bc5+ 45. Kc4 Rxb1 46. Kxc5 Rxg2 47. h4 Rf2 48. Rf4 g6 49. Nf6+ Kg7 50. Ne8+ Kh6 51. Rf7 Rc2+ 52. Kd6 Rd1+ 53. Ke7 Re2+ 54. Kf8 Rd8 55. Re7 Rxe7 56. Kxe7 Rd4 0-1

[Event "ISR-ch"]
[Site "Jerusalem"]
[Date "1996.??.??"]
[Round "4"]
[White "Mittelman, Gur"]
[Black "Volman, Horacio"]
[Result "1-0"]
[WhiteElo "2375"]
[BlackElo "2210"]
[PlyCount "73"]
[EventDate "1996.10.26"]
[EventType "swiss"]
[EventRounds "9"]
[EventCountry "ISR"]
[SourceTitle "CBM 056"]
[Source "ChessBase"]
[SourceDate "1997.02.01"]
[SourceVersion "1"]
[SourceVersionDate "1997.02.01"]
[SourceQuality "1"]

1. d4 Nf6 2. Nf3 e6 3. g3 b5 4. Bg2 Bb7 5. Bg5 Be7 6. 0-0 0-0 7. Qd3 c6 8. e4 d5 9. Bxf6 Bxf6 10. Nbd2 Nd7 11. Rfe1 a5 12. exd5 exd5 13. Nf1 Qc7 14. Ne3 Nb6 15. Ne5 g6 16. h4 Bg7 17. c3 Rfe8 18. f4 Nd7 19. h5 Nxe5 20. fxe5 Qe7 21. hxg6 hxg6 22. Ng4 Qg5 23. Qf3 Bc8 24. Nf2 Bf5 25. Bh3 Bxh3 26. Nxh3 Qh6 27. Qg4 Bf8 28. Nf4 Be7 29. e6 Qg5 30. exf7+ Kxf7 31. Qe6+ Kg7 32. Kg2 Rac8 33. Qd7 Kf7 34. Rf1 Kg8 35. Rae1 c5 36. Re6 Rcd8 37. Qc6 1-0